• 首页
  • 本馆介绍
  • 公告通知
  • 最新文献
  • 馆藏检索
  • 电子资源
  • 读者导购
  • 参考咨询
  • 我的图书馆
  • 登录
  • 详细信息显示
  • 放入我的书架
  • 预约/预借图书
  • 作者相关作品
  • 分类相关作品
  • 丛书相关作品
  • 出版社相关作品

书目信息

  • 表格格式
  • 工作单格式
  • 卡片格式
题名:
快速物流
    
 
作者: 黄娟 编著
分册:  
出版信息: 北京   中国纺织出版社  2004
页数: 354页
开本: 26cm
丛书名: 中国服饰业经营实战丛书
单 册:
中图分类: F407.86
科图分类:
主题词: 服装工业--轻工业经济 , 物流 , 服装工业--物流--中国
电子资源:
ISBN: 7-5064-2987-X
000 00935oam2 2200289 45
001 020000018636
005 20051205160644.21
010    @a7-5064-2987-X@dCNY36.00
092    @aCN
100    @a20040911d2004 ekmy0chiy0120 ea
101 0  @achi
105    @aak az 000yy
200 1  @a快速物流@9kuai su wu liu@f黄娟编著@Fhuang juan bian zhu
210    @a北京@c中国纺织出版社@d2004
215    @a354页@c图@d26cm@e光盘1片
225 2  @a中国服饰业经营实战丛书@f杨大筠主编
307    @a附光盘:ISBN 7-89995-864-4
320    @a有书目
330    @a本书围绕服饰业物流的各环节展开论述,讲解了服饰业物流概况与发展、系统的建立、采购管理、仓储管理、销售管理、财务管理及服务。
410  0 @12001 @a中国服饰业经营实战丛书
606 0  @a服装工业@x轻工业经济
606 0  @a物流
606 0  @a服装工业@x物流@y中国
690    @aF407.86@v4
701  0 @a黄娟@Ahuang juan@4编著
801  0 @aCN@bCXYBOOK@c20051205
905    @a10447@dF407.86@e84
    
    快速物流/黄娟编著.-北京:中国纺织出版社,2004
    354页:图;26cm+光盘1片.-(中国服饰业经营实战丛书/杨大筠主编)
    
    
    ISBN 7-5064-2987-X:CNY36.00
    本书围绕服饰业物流的各环节展开论述,讲解了服饰业物流概况与发展、系统的建立、采购管理、仓储管理、销售管理、财务管理及服务。
●
相关链接 在E读中查询图书 在五车中查询图书 在当当中查询图书 在豆瓣中查询图书


正题名:快速物流     索取号:F407.86/84         预约/预借

序号 登录号 条形码 馆藏地/架位号 状态 备注
1 0370172   203701725   第一样本阅览室/ [索取号:F407.86/84] 在馆    
2 0370173   203701734   第一借阅区/ [索取号:F407.86/84] 在馆    
3 0370174   203701743   第一借阅区/ [索取号:F407.86/84] 在馆    
4 0370175   203701752   第一借阅区/ [索取号:F407.86/84] 在馆    
5 0370176   203701761   第一借阅区/ [索取号:F407.86/84] 在馆    
唐山师范学院图书馆 欢迎您!
大连网信软件有限公司© 版权所有